000 02605nam a2200301 i 4500
001 21823660
003 OSt
005 20260331153526.0
008 201122s2022 nyu b 001 0 eng d
020 _a9780241986424
_qpaperback
040 _aLBSOR/DLC
_beng
_cDLC
_erda
_dDLC
_duoc
082 0 4 _a302
_223
_bJOE
100 1 _aKeohane, Joe,
_eauthor.
_92827
245 1 4 _aThe power of strangers :
_bThe Benefits of Connecting in a Suspicious World /
_cJoe Keohane.
250 _b'Thrillling, immersive' Will Strorr, author of The Science of Storytelling.
264 1 _aGreat Britain :
_bPenguin life,
_c2022.
264 4 _c©Joe Keohane, 2021.
300 _axix, 330 pages ;
_c20 cm.
336 _atext
_btxt
_2rdacontent
337 _aunmediated
_bn
_2rdamedia
338 _avolume
_bnc
_2rdacarrier
504 _aIncludes index.
520 _a"In The Power of Strangers, journalist Joe Keohane takes us through an inquiry into our shared history, one that offers surprising and compelling insights into our own social and political moment. But if strangers seem to some to be the problem, history, data, and science show us that they are actually our solution. In fact, throughout human history, our address to the stranger, the foreigner, the marginalized, and the other has determined the fate and well-being of both nations and individuals. A raft of new science confirms that the more we open ourselves up to encounters with those we don't know, the healthier we are. Modern cities are vast clusters of strangers. Technology has driven many of us into silos of isolation. Through deep immersion with sociologists, psychologists, neuroscientists, theologians, philosophers, political scientists and historians, Keohane learns about how we're wired to sometimes fear, distrust, and even hate strangers; what happens to us--as individuals, groups, and as a culture--when we indulge those biases; and at the same time, he digs into a growing body of cutting-edge research on the surprising social and psychological benefits that come from talking to strangers; how even passing interactions with strangers can enhance empathy, happiness, and cognitive development, ease loneliness and isolation, and root us in the world, deepening our sense of belonging; how paradoxically, strangers can help us become more fully ourselves. Keohane explores the ways in which biology, culture, and history have defined us and our understanding of people we don't know"--
_cProvided by publisher.
650 0 _aInterpersonal relations.
650 0 _aSocial interaction.
650 0 _aStrangers.
_94726
942 _2ddc
_cBK
999 _c1893
_d1893